| 000 | 01062nam a2200277Ia 4500 | ||
|---|---|---|---|
| 003 | OSt | ||
| 005 | 20221005110947.0 | ||
| 006 | a|||||r|||| 00| 0 | ||
| 007 | ta | ||
| 008 | 221004b |||||||| |||| 00| 0 kan d | ||
| 020 |
_a9788183612296 (hbk) _c150 |
||
| 024 | _a97299 | ||
| 037 |
_b578, 23/03/2009, Vani Prakashan _cTextual |
||
| 040 |
_aCRL _cCRL _bkan |
||
| 041 |
_2kan _akan |
||
| 082 | _aO33,1N47w, 152P7 | ||
| 100 | _aअंबलगे, काशीनाथ | ||
| 245 | 0 | _aअक्कमहादेवी और स्त्री विमर्श | |
| 246 | _aAkkamahādevī aur strī vimarsha | ||
| 260 |
_aनई दिल्ली _bराधाकृष्ण भारत _c2007 |
||
| 300 |
_a115पृ0 _ccm. |
||
| 490 | _a12वीं सदी की कन्नड़ कवयित्री | ||
| 650 | _aकन्नड़ साहित्य | ||
| 942 |
_hO33,1N47w, 152P7 _cTEXL _2cc |
||
| 999 |
_c1020385 _d1020385 |
||